The way of the West

Enregistré dans:
Détails bibliographiques
Auteur principal: Slavin, Arthur J (Auteur)
Format: Livre
Langue:anglais
Publié: Lexington Xerox 1975
Sujets:
Tags: Ajouter un tag
Pas de tags, Soyez le premier à ajouter un tag!

MARC

LEADER 00000nam a2200000 a 4500
001 UCX0503
003 CL-VaPUC
008 891030e19750000US |||||||||||||||||eng|d
082 0 4 |a 940.2  |b SLA  |2 21 
100 0 |a Slavin, Arthur J  |e author  |9 315931 
245 1 4 |a The way of the West 
300 |a 2 v 
942 |c BK 
945 |d 19891030 00:00:00 
260 |a Lexington  |b Xerox  |c 1975 
500 |a v.B: The formation of Modern Society. 1650-present 
650 7 |a CIVILIZACION OCCIDENTAL  |2 CL-VaPUC  |9 315932 
650 0 |a Historia  |9 255047 
651 0 |a Europa  |9 255156 
583 |a last modification  |c 19891030 00:00:00  |k Rodrigo Vera 
999 |c 222092  |d 222090 
952 |0 0  |1 0  |4 0  |6 940_200000000000000_SLA_1975  |7 0  |8 A  |9 216342  |a BIBHIS  |b BIBHIS  |d 2019-11-15  |h v.B  |i 2849275  |o 940.2 SLA 1975  |p 2849275  |r 2025-01-20  |w 2019-11-15  |y BK  |k HIS